[Event "GRE-chT 48th"]
[Site "Athens"]
[Date "2021.09.08"]
[Round "3.2"]
[White "Daulyte Cornette, Deimante"]
[Black "Psofimi, Milia"]
[Result "1-0"]
[WhiteElo "2413"]
[BlackElo "1623"]
[PlyCount "89"]
[EventDate "2021.09.07"]
[EventType "team-swiss"]
[EventRounds "7"]
[EventCountry "GRE"]
[SourceTitle "CBM 204 Extra"]
[Source "ChessBase"]
[SourceDate "2021.11.30"]
[SourceVersion "1"]
[SourceVersionDate "2021.11.30"]
[SourceQuality "1"]
[WhiteTeam "Irakleiou"]
[BlackTeam "Piraikos"]
[WhiteTeamCountry "GRE"]
[BlackTeamCountry "GRE"]

1. e4 e5 2. Nf3 Nf6 3. Nxe5 d6 4. Nf3 Nxe4 5. c4 Be6 6. d3 Nf6 7. Nc3 c6 8. d4 Qe7 9. Be3 Ng4 10. Bd3 Nxe3 11. fxe3 g6 12. 0-0 Bg7 13. Qe1 Na6 14. a3 Nc7 15. Qg3 0-0-0 16. Rac1 h5 17. Nd2 Bh6 18. Rce1 h4 19. Qf3 Kb8 20. d5 Bd7 21. Nb3 Rdf8 22. Na5 c5 23. b4 Na6 24. b5 Nc7 25. Ne4 Ne8 26. Nf2 Bg7 27. Rb1 Be5 28. Nc6+ Bxc6 29. bxc6 b6 30. a4 Bc3 31. Ne4 Ba5 32. Nf6 Nxf6 33. Qxf6 Qxe3+ 34. Kh1 Qe5 35. Qxe5 dxe5 36. Rf6 Bc3 37. Be4 h3 38. g3 Rhg8 39. Rbf1 a5 40. Rxf7 Rxf7 41. Rxf7 Bd4 42. d6 Rh8 43. Rb7+ Ka8 44. c7 Rf8 45. Rb8+ 1-0

[Event "GRE-chT 45th"]
[Site "Achaia"]
[Date "2017.07.05"]
[Round "4.11"]
[White "Psofimi, Milia"]
[Black "Filoxeni, Danai"]
[Result "1/2-1/2"]
[WhiteElo "1507"]
[BlackElo "1521"]
[PlyCount "87"]
[EventDate "2017.07.03"]
[EventType "team-swiss"]
[EventRounds "7"]
[EventCountry "GRE"]
[SourceTitle "CBM 179 Extra"]
[Source "ChessBase"]
[SourceDate "2017.08.23"]
[SourceVersion "1"]
[SourceVersionDate "2017.08.23"]
[SourceQuality "1"]
[WhiteTeam "Peiraikos PG"]
[BlackTeam "Chania Kydon AO"]
[WhiteTeamCountry "GRE"]
[BlackTeamCountry "GRE"]

1. e4 c5 2. Nc3 Nc6 3. f4 e6 4. Bb5 Nge7 5. Nf3 a6 6. Bxc6 Nxc6 7. 0-0 Be7 8. d3 0-0 9. Qe1 d5 10. e5 b5 11. g4 f6 12. exf6 Bxf6 13. g5 Be7 14. h4 Bd6 15. Nh2 Qc7 16. Ne2 e5 17. Qg3 exf4 18. Bxf4 Bxf4 19. Rxf4 Rxf4 20. Qxf4 Qxf4 21. Nxf4 d4 22. a3 Bf5 23. Re1 Rd8 24. Nf3 Rf8 25. Nd2 Rf7 26. Kg2 Rf8 27. Kg3 Rd8 28. Nb3 c4 29. Nc5 a5 30. Re2 Kf7 31. h5 Rd6 32. Nb7 Rd7 33. Nc5 Rd6 34. Nb7 Rd7 35. Nc5 Rd8 36. Nb7 Rd7 37. Nc5 Re7 38. Rxe7+ Kxe7 39. Ne4 cxd3 40. cxd3 Bxe4 41. dxe4 Kd6 42. Kf3 Ne5+ 43. Ke2 Nc4 44. Nd3 1/2-1/2

[Event "GRE-chT 42nd"]
[Site "Porto Rio"]
[Date "2014.06.29"]
[Round "2.6"]
[White "Tsavari, Hristina"]
[Black "Psofimi, Milia"]
[Result "1-0"]
[WhiteElo "1181"]
[BlackElo "1438"]
[PlyCount "87"]
[EventDate "2014.06.28"]
[EventType "team-swiss"]
[EventRounds "7"]
[EventCountry "GRE"]
[SourceTitle "CBM 161 Extra"]
[Source "ChessBase"]
[SourceDate "2014.08.29"]
[SourceVersion "1"]
[SourceVersionDate "2014.08.29"]
[SourceQuality "1"]
[WhiteTeam "Elefsinas STM"]
[BlackTeam "Peiraikos PG"]
[WhiteTeamCountry "GRE"]
[BlackTeamCountry "GRE"]

1. b3 Nf6 2. e3 d5 3. Bb2 e6 4. Ne2 Be7 5. d3 c5 6. Nd2 Nc6 7. h3 Qc7 8. g4 Rg8 9. Bg2 h6 10. Ng3 Bd7 11. Rf1 0-0-0 12. c4 d4 13. exd4 cxd4 14. Qe2 Bb4 15. a3 Bxd2+ 16. Qxd2 Na5 17. Qb4 Qe5+ 18. Kd1 Nc6 19. Qe1 Qxe1+ 20. Rxe1 Na5 21. Kc2 Bc6 22. Bxc6 Nxc6 23. Ne4 Nxe4 24. Rxe4 Rge8 25. b4 e5 26. Rae1 f6 27. f4 a6 28. b5 axb5 29. cxb5 Na7 30. a4 Rd5 31. Bxd4 Kb8 32. fxe5 fxe5 33. Bxe5+ Ka8 34. Bxg7 Rc5+ 35. Kb3 Rd8 36. Re8 Rcc8 37. Rxd8 Rxd8 38. d4 Nc8 39. Re6 Rg8 40. Bxh6 Ka7 41. g5 Nb6 42. g6 Nd5 43. g7 Nc7 44. Rf6 1-0

[Event "Attica-ch U14 Girls 13"]
[Site "Athens"]
[Date "2012.12.23"]
[Round "2.3"]
[White "Konidari, Sofia"]
[Black "Psofimi, Milia"]
[Result "0-1"]
[WhiteElo "1005"]
[BlackElo "1445"]
[PlyCount "78"]
[EventDate "2012.12.22"]
[EventType "swiss"]
[EventRounds "7"]
[EventCountry "GRE"]
[SourceTitle "EXT 2024"]
[Source "ChessBase"]
[SourceDate "2023.10.10"]
[SourceVersion "1"]
[SourceVersionDate "2023.10.10"]
[SourceQuality "1"]

1. Nf3 Nf6 2. g3 g6 3. Bg2 Bg7 4. b3 Nd5 5. c3 Nb6 6. Bb2 d5 7. d4 Nc6 8. 0-0 Bd7 9. Nbd2 Qc8 10. Re1 Bh3 11. e4 Bxg2 12. Kxg2 Qd7 13. c4 dxe4 14. Nxe4 0-0-0 15. Neg5 e6 16. Ne5 Nxe5 17. dxe5 Qe7 18. Qc1 Bh6 19. Ba3 Qxg5 20. Qxg5 Bxg5 21. h4 Bh6 22. Be7 Rde8 23. Bf6 Rhg8 24. c5 Nd7 25. b4 Bd2 26. Re2 Bxb4 27. Rb1 Bxc5 28. Bg5 Be7 29. Bd2 Rd8 30. Rc1 Nb6 31. Be1 Rd5 32. Rec2 c6 33. f4 Rgd8 34. Rb1 Rd1 35. Rxd1 Rxd1 36. Kf1 Bb4 37. Re2 Rxe1+ 38. Rxe1 Bxe1 39. Kxe1 Nd5 0-1

[Event "Attica-ch U14 Girls 13"]
[Site "Athens"]
[Date "2012.12.23"]
[Round "3.1"]
[White "Psofimi, Milia"]
[Black "Lemoni, Maria Ioanna"]
[Result "1/2-1/2"]
[WhiteElo "1445"]
[BlackElo "1454"]
[PlyCount "47"]
[EventDate "2012.12.22"]
[EventType "swiss"]
[EventRounds "7"]
[EventCountry "GRE"]
[SourceTitle "EXT 2024"]
[Source "ChessBase"]
[SourceDate "2023.10.10"]
[SourceVersion "1"]
[SourceVersionDate "2023.10.10"]
[SourceQuality "1"]

1. e4 c5 2. Nf3 Nc6 3. d4 cxd4 4. Nxd4 g6 5. Be3 Bg7 6. c3 d6 7. Be2 Nf6 8. f3 0-0 9. Qd2 Bd7 10. g4 d5 11. g5 Ne8 12. exd5 Nxd4 13. Bxd4 Bxd4 14. Qxd4 Ng7 15. h4 Nf5 16. Qf2 Qc7 17. Bd3 Qe5+ 18. Be4 Ng3 19. Qh2 f5 20. gxf6 exf6 21. Rg1 Nxe4 22. Qxe5 fxe5 23. fxe4 Rf4 24. Nd2 1/2-1/2

[Event "Wch U20 Girls 30th"]
[Site "Athens"]
[Date "2012.08.08"]
[Round "7"]
[White "Psofimi, Milia"]
[Black "Tuzi, Bruna"]
[Result "0-1"]
[WhiteElo "1437"]
[BlackElo "1546"]
[PlyCount "158"]
[EventDate "2012.08.02"]
[EventType "swiss"]
[EventRounds "13"]
[EventCountry "GRE"]
[SourceTitle "CBM 149 Extra"]
[Source "ChessBase"]
[SourceDate "2012.08.24"]
[SourceVersion "1"]
[SourceVersionDate "2012.08.24"]
[SourceQuality "1"]

1. e4 c5 2. Nf3 Nc6 3. d4 cxd4 4. Nxd4 Nf6 5. Nc3 e5 6. Nde2 Bb4 7. a3 Ba5 8. f3 h6 9. Be3 0-0 10. Qd3 a6 11. Nc1 d5 12. Bd2 dxe4 13. Nxe4 Nxe4 14. fxe4 Bxd2+ 15. Kxd2 Qg5+ 16. Qe3 Rd8+ 17. Nd3 Qxe3+ 18. Kxe3 a5 19. h3 b6 20. g4 Ba6 21. Rc1 Bxd3 22. Bxd3 Nd4 23. Rhf1 Rac8 24. Rf2 Ne6 25. Rcf1 Nf4 26. h4 Rc7 27. h5 Kf8 28. Rd1 Ke7 29. Rdf1 Ke6 30. Rh2 Kf6 31. Rd2 Kg5 32. Kf3 Nxd3 33. cxd3 g6 34. Ke3 Rdc8 35. hxg6 fxg6 36. Rff2 Rd8 37. Rc2 Rxc2 38. Rxc2 Rd6 39. Rc8 Kxg4 40. Re8 h5 41. Rxe5 h4 42. Re7 h3 43. e5 Rc6 44. Rf7 h2 45. Rh7 Kf5 46. Rxh2 Kxe5 47. Rg2 Kf5 48. d4 g5 49. d5 Rg6 50. Rc2 Ke5 51. Rc6 Rxc6 52. dxc6 Kd6 53. Kf3 Kxc6 54. Kg4 Kd5 55. Kxg5 Kc4 56. Kf4 Kb3 57. Ke5 Kxb2 58. Kd6 Kxa3 59. Kc6 Kb4 60. Kxb6 a4 61. Kc6 a3 62. Kd5 a2 63. Ke4 a1Q 64. Kd5 Qc3 65. Ke4 Qd2 66. Ke5 Qd3 67. Kf4 Qe2 68. Kf5 Qe3 69. Kf6 Qe4 70. Kg5 Qf3 71. Kg6 Qf4 72. Kg7 Qf5 73. Kh6 Qg4 74. Kh7 Qg5 75. Kh8 Kc5 76. Kh7 Kd6 77. Kh8 Ke7 78. Kh7 Kf7 79. Kh8 Qh6# 0-1

[Event "Wch U20 Girls 30th"]
[Site "Athens"]
[Date "2012.08.07"]
[Round "6"]
[White "Koutsogiannopoulou, Theodora"]
[Black "Psofimi, Milia"]
[Result "1-0"]
[WhiteElo "1897"]
[BlackElo "1437"]
[PlyCount "123"]
[EventDate "2012.08.02"]
[EventType "swiss"]
[EventRounds "13"]
[EventCountry "GRE"]
[SourceTitle "CBM 149 Extra"]
[Source "ChessBase"]
[SourceDate "2012.08.24"]
[SourceVersion "1"]
[SourceVersionDate "2012.08.24"]
[SourceQuality "1"]

1. e4 e5 2. Nf3 Nf6 3. Nc3 Nc6 4. d4 exd4 5. Nxd4 Ne7 6. f4 d6 7. Be2 h6 8. 0-0 Ng6 9. Be3 d5 10. e5 Ne4 11. Nxe4 dxe4 12. c3 c5 13. Nb3 Qxd1 14. Raxd1 b6 15. Bb5+ Ke7 16. Bc6 Rb8 17. Bxe4 Nh4 18. f5 g6 19. f6+ Ke6 20. Bd5+ Kd7 21. Bxf7+ Kc7 22. e6 Bd6 23. Rxd6 Kxd6 24. Bf4+ Kc6 25. Bxb8 Bxe6 26. Bxe6 Rxb8 27. f7 Rf8 28. g3 Nf5 29. Bxf5 gxf5 30. Rxf5 Kd7 31. Nd2 Ke6 32. Rf1 Rxf7 33. Rxf7 Kxf7 34. Kf2 Kf6 35. Kf3 h5 36. Kf4 Kg6 37. h4 Kf6 38. Ne4+ Kg6 39. Nd6 a6 40. Nc8 b5 41. Ne7+ Kf6 42. Nd5+ Ke6 43. Nc7+ Kf6 44. Nxa6 c4 45. Nc7 Kg6 46. Nxb5 Kf6 47. a4 Ke6 48. a5 Kd7 49. a6 Kc6 50. a7 Kb7 51. Kg5 Ka8 52. Kxh5 Kb7 53. g4 Ka8 54. g5 Kb7 55. g6 Ka8 56. g7 Kb7 57. g8Q Kb6 58. Qxc4 Kb7 59. Qc7+ Ka6 60. a8Q+ Kxb5 61. Qab8+ Ka4 62. Qca7# 1-0

[Event "Wch U20 Girls 30th"]
[Site "Athens"]
[Date "2012.08.04"]
[Round "3"]
[White "Psofimi, Milia"]
[Black "Ivana Maria, Furtado"]
[Result "0-1"]
[WhiteElo "1437"]
[BlackElo "2102"]
[PlyCount "72"]
[EventDate "2012.08.02"]
[EventType "swiss"]
[EventRounds "13"]
[EventCountry "GRE"]
[SourceTitle "CBM 149 Extra"]
[Source "ChessBase"]
[SourceDate "2012.08.24"]
[SourceVersion "1"]
[SourceVersionDate "2012.08.24"]
[SourceQuality "1"]

1. e4 e6 2. d4 d5 3. e5 c5 4. c3 Nc6 5. Nf3 Qb6 6. Be2 Nge7 7. Na3 cxd4 8. cxd4 Nf5 9. Nc2 Bb4+ 10. Kf1 Be7 11. b3 h5 12. g3 Bd7 13. Kg2 g6 14. Be3 Rc8 15. Qd2 Nb4 16. Rhc1 Nxc2 17. Rxc2 Rxc2 18. Qxc2 0-0 19. Bd3 Rc8 20. Qe2 a6 21. Bxf5 exf5 22. Bf4 Ba3 23. Bg5 Qc6 24. Bf6 Qc2 25. Qe3 Bc1 26. Qe1 Qb2 27. Rxc1 Qxc1 28. Qb4 Bb5 29. Nd2 Qc3 30. Qxc3 Rxc3 31. a4 Bd3 32. a5 Rc2 33. Nf1 Be4+ 34. Kg1 Rc1 35. Bg5 Rb1 36. f4 Bd3 0-1